| 000 | 01146nac a22003617a 4500 | ||
|---|---|---|---|
| 001 | BR0705634 | ||
| 003 | BR-BrBNA | ||
| 005 | 20240105123513.0 | ||
| 008 | 230509b bl.|||m| |||| 00| 0 por d | ||
| 040 |
_aBR-BrBNA _bpor _cBiblioteca Nacional de Agricultura |
||
| 072 | _aH10 | ||
| 090 | _a0120 BR0705634 | ||
| 100 | 1 | _aCiociola Júnior, A.I. | |
| 100 | 1 | _aCruz, I. | |
| 110 | 1 |
_aCentro Nacional de Pesquisa de Milho e Sorgo, Sete Lagoas, MG (Brasil) _91790 |
|
| 245 | 1 | _aDetecção de Wolbachia em trichogramma atopovirilia (Hymenoptera: Trichogrammatidae)coletado na EMBRAPA Milho e Sorgo | |
| 260 | 3 |
_aSete Lagoas, MG (Brasil): _c2001. |
|
| 300 | _a2 p. | ||
| 490 |
_aComunicado Técnico - Centro Nacional de Pesquisa de Milho e Sorgo (Brazil) _vno. 28 _xISSN 0105-5605 |
||
| 500 | _a5 ref. | ||
| 650 | _aMILHO | ||
| 650 | _aSORGO | ||
| 650 | _aINSETO | ||
| 650 | _aVESPA | ||
| 650 | _aTRICHOGRAMMA | ||
| 650 | _aPARASITA | ||
| 650 | _aLEPIDOPTERO | ||
| 650 | _aPRAGA DE PLANTA | ||
| 650 | _aTAXONOMIA | ||
| 650 | _aCONTROLE BIOLÓGICO | ||
| 909 |
_a202312 _bLúcia Elande _c55 _dLúcia Elande |
||
| 942 |
_2AGRIS _n0 _cMS |
||
| 999 |
_c295763 _d295763 |
||